| 000 | 00376nam a2200145Ia 4500 | ||
|---|---|---|---|
| 008 | 230312s9999||||xx |||||||||||||| ||und|| | ||
| 082 |
_a378.12092 _bALB |
||
| 100 | _aAlbom Mitch | ||
| 245 | 0 | _aTuesdays with Morrie | |
| 260 |
_bHodder Australia _aAustralia _c1998 |
||
| 300 | _a192 | ||
| 546 | _aEng. | ||
| 650 |
_aManagement _vCurriculum , Syllabus , Audiovisual |
||
| 942 | _cBK | ||
| 999 |
_c1963 _d1963 |
||